[Event "IECC CL5-2001.03"]
[Site "IECC email"]
[Date "2001.01.15"]
[Round "?"]
[White "Gee, Gordon L"]
[Black "Czarnecki, Wojtek"]
[Result "0-1"]
[WhiteElo "1137"]
[BlackElo "1510"]
[PlyCount "31"]
[EventDate "2001.??.??"]
[EventType "tourn (corr)"]
[EventRounds "4"]
[SourceTitle "Corr 2008"]
[Source "ChessBase"]
[SourceDate "2008.06.24"]
[SourceVersion "1"]
[SourceVersionDate "2008.06.24"]
[SourceQuality "1"]

1. e4 e6 2. Nc3 d5 3. exd5 exd5 4. d4 Nf6 5. Nf3 Bb4 6. Bd3 0-0 7. 0-0 Bg4 8. a3 Ba5 9. Bg5 c6 10. h3 Bh5 11. b4 Bc7 12. Re1 Nbd7 13. Bf5 Re8 14. Bxf6 Nxf6 15. Rxe8+ Qxe8 16. g4 0-1

[Event "IECC CL5-2000.12"]
[Site "IECC email"]
[Date "2000.03.05"]
[Round "?"]
[White "Assarsjo, Ingemar"]
[Black "Czarnecki, Wojtek"]
[Result "1-0"]
[WhiteElo "1460"]
[BlackElo "1485"]
[PlyCount "23"]
[EventDate "2000.??.??"]
[EventType "tourn (corr)"]
[EventRounds "4"]
[SourceTitle "Corr 2008"]
[Source "ChessBase"]
[SourceDate "2008.06.24"]
[SourceVersion "1"]
[SourceVersionDate "2008.06.24"]
[SourceQuality "1"]

1. e4 c6 2. d4 d5 3. Nc3 e6 4. a3 Nd7 5. Bf4 c5 6. exd5 cxd4 7. Qxd4 Nb6 8. 0-0-0 exd5 9. Nxd5 Nd7 10. Re1+ Ne7 11. Nc7+ Qxc7 12. Bxc7 1-0